Saint Bernard / (Record no. 188054)

MARC details
000 -LEADER
campo de control de longitud fija 00833nam a2200229 i 4500
001 - NÚMERO DE CONTROL
campo de control 188054
003 - IDENTIFICADOR DE NÚMERO DE CONTROL
campo de control ES-MaACL
005 - FECHA Y HORA DE LA ÚLTIMA TRANSACCIÓN
campo de control 20251108160754.0
008 - DATOS DE LONGITUD FIJA--INFORMACIÓN GENERAL
campo de control de longitud fija 180420s1953 fr |||| |bfre d
080 ## - NÚMERO DE LA CLASIFICACIÓN DECIMAL UNIVERSAL
Número de la Clasificación Decimal Universal 929 Bernardo de Claraval, Santo
100 1# - ENTRADA PRINCIPAL--NOMBRE DE PERSONA
Nombre de persona Calmette, Joseph,
Fechas asociadas al nombre 1873-1952
9 (RLIN) 33767
245 10 - MENCIÓN DEL TÍTULO
Título Saint Bernard /
Mención de responsabilidad, etc. Joseph Calmette et Henri David.
260 ## - PUBLICACIÓN, DISTRIBUCIÓN, ETC.
Lugar de publicación, distribución, etc. Paris :
Nombre del editor, distribuidor, etc. Librairie Arthème Fayard,
Fecha de publicación, distribución, etc. [1953]
300 ## - DESCRIPCIÓN FÍSICA
Extensión 369 p. ;
Dimensiones 19 cm.
490 1# - MENCIÓN DE SERIE
Mención de serie Les grandes études historiques
504 ## - NOTA DE BIBLIOGRAFÍA, ETC.
Nota de bibliografía, etc. Bibliografía: p. [365]-368.
600 04 - PUNTO DE ACCESO ADICIONAL DE MATERIA--NOMBRE DE PERSONA
Nombre de persona Bernardo,
Títulos y otros términos asociados al nombre Santo,
Fechas asociadas al nombre 1090?-1153
9 (RLIN) 28290
700 1# - ENTRADA AGREGADA--NOMBRE PERSONAL
Nombre de persona David, Henri,
Fechas asociadas al nombre 1891-
9 (RLIN) 164665
830 04 - PUNTO DE ACCESO ADICIONAL DE SERIE-TÍTULO UNIFORME
Título uniforme Les grandes études historiques
9 (RLIN) 184869
852 ## - LOCALIZACIÓN
Ubicación ES-MaACL
Número de control de estantería L-31933
Nota libre . - Donat. herederos de la bibl. de Mª del Pilar Costa Palacín
Holdings
Estatus retirado Estado de pérdida Estado de daño No para préstamo Biblioteca de origen Biblioteca actual Ubicación en estantería Fecha de adquisición Fuente de adquisición Total de préstamos Signatura topográfica completa Código de barras Visto por última vez Precio de reemplazo Tipo de ítem Koha
        Biblioteca del Ateneo de Madrid Biblioteca del Ateneo de Madrid Depósito 2 20/04/2018     L-31933 1198743 23/02/2023 23/02/2023 Libro impreso